[Event "London Classic Busy op"]
[Site "London"]
[Date "2010.12.11"]
[Round "2"]
[White "Mollison, Jamie"]
[Black "Chidi, Lovinia Sylvia"]
[Result "1-0"]
[WhiteElo "1906"]
[BlackElo "1814"]
[PlyCount "83"]
[EventDate "2010.12.11"]
[EventType "swiss"]
[EventRounds "5"]
[EventCountry "ENG"]
[SourceTitle "CBM 139 Extra"]
[Source "ChessBase"]
[SourceDate "2011.01.05"]
[SourceVersion "1"]
[SourceVersionDate "2011.01.05"]
[SourceQuality "1"]

1. b3 d5 2. Bb2 Nf6 3. e3 e6 4. f4 b6 5. Nf3 Bb7 6. Bb5+ c6 7. Be2 Nbd7 8. 0-0 Qc7 9. a4 a5 10. Ne5 Bd6 11. d4 Ne4 12. Bd3 Ndf6 13. Nd2 Nxd2 14. Qxd2 Ne4 15. Bxe4 dxe4 16. c4 f6 17. Ng4 Bb4 18. Qc2 h5 19. Nf2 f5 20. Nh3 Be7 21. Rac1 Bf6 22. Rfd1 0-0-0 23. Ba3 c5 24. dxc5 bxc5 25. Rxd8+ Rxd8 26. Rd1 e5 27. Bb2 Rxd1+ 28. Qxd1 exf4 29. Bxf6 gxf6 30. Nxf4 Qe5 31. h3 h4 32. Qc2 Bc6 33. Kf2 Kb7 34. Ne2 Be8 35. Qc3 Kb6 36. Qxe5 fxe5 37. g3 hxg3+ 38. Kxg3 Bh5 39. Nc3 Kc6 40. Kh4 f4 41. Kxh5 f3 42. Nxe4 1-0

[Event "Lothian-ch"]
[Site "Edinburgh"]
[Date "2010.10.09"]
[Round "3"]
[White "Mollison, Jamie"]
[Black "McGowan, Daniel"]
[Result "0-1"]
[WhiteElo "1714"]
[BlackElo "2026"]
[PlyCount "66"]
[EventDate "2010.10.08"]
[EventType "swiss"]
[EventRounds "5"]
[EventCountry "SCO"]
[SourceTitle "EXT 2023"]
[Source "ChessBase"]
[SourceDate "2022.10.05"]
[SourceVersion "1"]
[SourceVersionDate "2022.10.05"]
[SourceQuality "1"]

1. b3 d5 2. Bb2 Nf6 3. e3 c6 4. f4 Bf5 5. Nf3 e6 6. g3 Nbd7 7. Bg2 h6 8. 0-0 Bd6 9. d3 0-0 10. Kh1 Qc7 11. Nfd2 Bg4 12. Bf3 Bxf3+ 13. Qxf3 e5 14. Nc3 Rae8 15. Rae1 Qa5 16. a3 Re7 17. Qf2 Rfe8 18. f5 b5 19. b4 Qb6 20. e4 d4 21. Nd1 c5 22. bxc5 Nxc5 23. Nb1 Rc8 24. g4 Na4 25. Bc1 Rec7 26. Re2 Nxe4 27. Rxe4 Rxc2 28. Bd2 Nc5 29. Qh4 Nxd3 30. Bxh6 gxh6 31. g5 Qb7 32. Rg1 h5 33. g6 f6 0-1

[Event "SCO-ch"]
[Site "Edinburgh"]
[Date "2009.07.18"]
[Round "8"]
[White "Hayes, Stuart"]
[Black "Mollison, Jamie"]
[Result "1-0"]
[WhiteElo "1997"]
[BlackElo "1892"]
[PlyCount "79"]
[EventDate "2009.07.11"]
[EventType "swiss"]
[EventRounds "9"]
[EventCountry "SCO"]
[SourceTitle "CBM 131 Extra"]
[Source "ChessBase"]
[SourceDate "2009.09.03"]
[SourceVersion "2"]
[SourceVersionDate "2009.09.16"]
[SourceQuality "1"]

1. d4 e6 2. e4 c5 3. d5 exd5 4. exd5 d6 5. Nc3 Nf6 6. Bg5 Be7 7. Bf4 a6 8. a4 b6 9. h3 0-0 10. g4 Re8 11. Nge2 h6 12. Bg2 Nh7 13. Qd3 Bg5 14. 0-0 Bxf4 15. Nxf4 Nf6 16. Rfe1 Rxe1+ 17. Rxe1 Bb7 18. Qg3 Nbd7 19. h4 g6 20. g5 hxg5 21. hxg5 Nh7 22. Nh3 Ndf8 23. f4 Bc8 24. Be4 Qd7 25. Nf2 b5 26. axb5 axb5 27. Bf3 b4 28. Nce4 Qd8 29. b3 Bf5 30. Bg4 Ra2 31. Qd3 Qd7 32. Bd1 Ra8 33. Qg3 Ra3 34. Ng4 Bxe4 35. Rxe4 Ra1 36. Re1 Kg7 37. c4 Rb1 38. Qd3 Ra1 39. Qd2 Qd8 40. Qb2+ 1-0

[Event "Oban op"]
[Site "Oban"]
[Date "2008.11.29"]
[Round "3"]
[White "Mollison, Jamie"]
[Black "Kafka, Graeme"]
[Result "0-1"]
[WhiteElo "1799"]
[BlackElo "2089"]
[PlyCount "52"]
[EventDate "2008.11.28"]
[EventType "swiss"]
[EventRounds "5"]
[EventCountry "SCO"]
[SourceTitle "EXT 2011"]
[Source "ChessBase"]
[SourceDate "2010.11.26"]
[SourceVersion "1"]
[SourceVersionDate "2010.11.26"]
[SourceQuality "1"]

1. b3 e5 2. Bb2 Nc6 3. e3 d5 4. Bb5 Bd6 5. f4 Qh4+ 6. g3 Qe7 7. Nf3 Bg4 8. fxe5 Bxe5 9. Bxe5 Bxf3 10. Qxf3 Qxe5 11. Bxc6+ bxc6 12. 0-0 Nf6 13. Nc3 0-0 14. Qf4 Qe7 15. Qg5 h6 16. Qf4 c5 17. Rae1 Rfe8 18. Re2 Rab8 19. Qh4 Rb4 20. d4 Rb6 21. Rxf6 Qxf6 22. Nxd5 Qxh4 23. gxh4 Rg6+ 24. Kh1 cxd4 25. e4 c6 26. h5 Rge6 0-1

[Event "Oban op"]
[Site "Oban"]
[Date "2008.11.29"]
[Round "2"]
[White "Peters, Jan"]
[Black "Mollison, Jamie"]
[Result "1/2-1/2"]
[WhiteElo "1971"]
[BlackElo "1799"]
[PlyCount "57"]
[EventDate "2008.11.28"]
[EventType "swiss"]
[EventRounds "5"]
[EventCountry "SCO"]
[SourceTitle "EXT 2011"]
[Source "ChessBase"]
[SourceDate "2010.11.26"]
[SourceVersion "1"]
[SourceVersionDate "2010.11.26"]
[SourceQuality "1"]

1. d4 e6 2. Nf3 b6 3. e4 Bb7 4. Bd3 d5 5. e5 c5 6. c3 h6 7. 0-0 Qd7 8. Be3 Ba6 9. b3 Bxd3 10. Qxd3 Nc6 11. a3 Na5 12. Nbd2 Rc8 13. b4 c4 14. Qc2 Nc6 15. Ne1 Nge7 16. f4 g6 17. g3 Nf5 18. Ng2 Be7 19. Bf2 Kf8 20. h3 Kg7 21. Ne3 Nxe3 22. Bxe3 Rcf8 23. Rae1 a6 24. a4 Bd8 25. Ra1 Ne7 26. Kg2 Nf5 27. Bf2 Be7 28. Rh1 Qd8 29. h4 1/2-1/2